000 00809nam a2200289Ia 4500
001 Para_3683
003 CHAP
008 220125s1933 xx 000 0 und d
010 _a202283
040 _cCHAP
082 _aPA-C 632.951 S67
100 _aMckenzie, H. L.
_9167384
245 _aGenista caterpillar /
_c H. L. Mckenzie
260 _aRiverside, Calif. :
_b University of California College of Agriculture
300 _a1 h.
440 _aNews letter ; 1
_9167385
500 _aEncuadernado con otros impresos similares
650 _aDDT (Insecticida)
_931376
650 _aOrugas
_984152
901 _aPA-C 632.951 S67
902 _aA
905 _a0000001933 RIV 0000000000 00
910 _a1933
942 _cPARA
942 _cPARA
_d1
999 _c202283
_d202283